Statystyki dla Europejskie Linie Lotnicze

Kliknij tutaj aby rozwiązać quiz!

Ogólne statystyki

  • Ten quiz został rozwiązany 18 razy
  • Średni wynik to 12 z 248

Statystyki odpowiedzi

KrajLinia lotnicza% Poprawnych
PolskaLot
100%
PolskaEnter Air
75%
WegryWizz Air
75%
FrancjaAir France
69%
IrlandiaRyanair
69%
Wielka BrytaniaBritish Airways
56%
RosjaAeroFlot
50%
Wielka BrytaniaeasyJet
50%
FinlandiaFinnair
50%
NiderlandyKLM
50%
NiemcyLufthansa
50%
SzwajcariaSWISS
31%
IrlandiaAer Lingus
19%
IslandiaIcelandair
19%
WłochyITA Airways
19%
NorwegiaNorwegian Air
19%
SzwecjaSAS
19%
UkrainaSkyUp Airlines
19%
CzechySmart Wings
19%
PolskaSprint Air
19%
Wielka BrytaniaTUI
19%
ŁotwaAir Baltic
13%
BelgiaAir Belgium
13%
NiemcyAir Berlin
13%
HiszpaniaAir Europa
13%
SerbiaAir Serbia
13%
Dania(Wyspy Owcze)Atlantic Airways
13%
HiszpaniaIberia
13%
Wielka BrytaniaLoganair
13%
IslandiaPlay
13%
RosjaS7 Airlines
13%
PortugaliaTAP Portugal
13%
NiemcyTUI fly
13%
BelgiaTUI fly Belgium
13%
UkrainaUtair
13%
HiszpaniaVueling Airlines
13%
Dania(Grenlandia)Air Grenland
6%
MołdawiaAir Moldova
6%
HiszpaniaAir Nostrum
6%
AustriaAustrian Airlines
6%
Wielka BrytaniaBA CityFlyer
6%
BiałorusBelavia
6%
BułgariaBulgaria Air
6%
LuksemburgCargolux
6%
NiemcyCondor
6%
SzwajcariaEdelweiss
6%
NiemcyEurowings
6%
LitwaGetJet Airlines
6%
SzwajcariaHelvetic Airways
6%
PortugaliaHiFly
6%
FrancjaHop
6%
Wielka BrytaniaJet2.com
6%
NorwegiaNorse Atlantic Airways
6%
RosjaPobeda
6%
UkrainaSkyline Express
6%
PolskaSkyTaxi
6%
PolskaSmartwings Poland
6%
DaniaThomas cook
6%
NorwegiaWideroe
6%
RosjaAbakan Eir
0%
SłoweniaADRIA Airways
0%
GrecjaAegean Airlines
0%
IrlandiaAer Arann
0%
IrlandiaAer Lingus Regional
0%
RosjaAeroBratsk
0%
PortugaliaAerocondor
0%
HiszpaniaAerofan
0%
RosjaAeroGieo
0%
RosjaAerokuzbass
0%
NiemcyAeroLogic
0%
UkrainaAeromost-Kharkov
0%
RosjaAeroport Orienburg
0%
RosjaAerosierwis
0%
PortugaliaAero VIP
0%
Wielka BrytaniaAir Alderney
0%
AustriaAir Alps
0%
DaniaAir Alsie
0%
FrancjaAir Antilles Expres
0%
IslandiaAir Atlanta Icelandic
0%
FrancjaAir Austral
0%
RosjaAirBridgeCargo Airlines
0%
RumuniaAir Bucharest
0%
FrancjaAir Caledonie
0%
FrancjaAir Caraibies
0%
IrlandiaAir Contractors
0%
FrancjaAir Corsica
0%
WłochyAir Dolomiti
0%
EstoniaAirest
0%
SłowacjaAirExplore
0%
Francja(Gujana Francuska)Air Guyane Express
0%
IslandiaAir Iceland
0%
WłochyAir Italy
0%
FrancjaAirlinair
0%
CzarnogóraAir Montenegro
0%
WłochyAir One Air Vallee
0%
SerbiaAir Pink
0%
HiszpaniaAir Pullmantur
0%
FrancjaAir Saint-Pierre
0%
UkrainaAir Urga
0%
NiderlandyAIS Arlines
0%
AlbaniaAlbania Airlines
0%
HiszpaniaAlbaStar
0%
RosjaAłrosa
0%
RosjaAłtajAwia
0%
RosjaAłtajskije awialinii
0%
AustriaAmerer Air
0%
RosjaAmur
0%
RosjaAmurska awiabaza
0%
UkrainaAnda Air
0%
RosjaAngara
0%
RumuniaAnimawings
0%
RosjaArgo
0%
RosjaArt Awia
0%
RosjaASK MCzS Rosii
0%
Wielka BrytaniaAtlantic Airlines
0%
RosjaAtran
0%
Wielka BrytaniaAurigny Air Service
0%
LitwaAvion Express
0%
RosjaAwiakon Citotrans
0%
RosjaAwialift Władiwostok
0%
RosjaAwia Menedżment Grup
0%
RosjaAwiasierwis
0%
RosjaAwiastar-TU
0%
RosjaAwiaszelf
0%
RosjaAwiaTIS
0%
RosjaAwrora
0%
RosjaAzimut
0%
RosjaAzur ejr
0%
BułgariaBH Air
0%
HiszpaniaBinter Canarias
0%
GrecjaBlueBird Airways
0%
IslandiaBluebird Cargo
0%
Wielka BrytaniaBlue Islands
0%
WłochyBlue Panorama Airlines
0%
HiszpaniaBravo Airlines
0%
Ukrainabravo Airlines
0%
FrancjaBrit Air
0%
BelgiaBrussels Arlines
0%
WłochyCargolux Italia
0%
RumuniaCarpatair
0%
WęgryCityLIne Hungary
0%
RumuniaCobrex Trans
0%
NiderlandyCorendon Dutch Airlines
0%
FrancjaCorsail International
0%
Wielka BrytaniaCoyone Airways
0%
ChorwacjaCroatia Airlines
0%
CzechyCzech Airlines
0%
DaniaDAT
0%
NiemcyDiscover Airlines
0%
NiderlandyDutch Antilles Express
0%
IslandiaEagle Air
0%
WłochyElbafly
0%
GrecjaEllinki Etairea Enaerion Synkoinonion
0%
Wielka BrytaniaEstern Airways
0%
PortugaliaEuroAtlantic Airways
0%
FrancjaEurope Airpost
0%
BułgariaEuropean Air Charter
0%
AustriaEurowings Europe
0%
Wielka BrytaniaFlarjet
0%
SzwecjaFly Nordic
0%
MołdawiaFlyOne
0%
UkrainaFlyuia
0%
HiszpaniaGadair Europan Airlines
0%
RosjaGazpromawia
0%
BiałoruśGenex
0%
Wielka BrytaniaGlobal Supply Systems
0%
RosjaGłobus
0%
SłowacjaGo2sky
0%
SzwecjaGotlandsflyg
0%
BiałoruśGrodno Aviakompania
0%
SzwajcariaHeliswiss
0%
RosjaIFLY
0%
RosjaIrAreo
0%
Wielka BrytaniaIsles of Scilly Skybus
0%
RosjaIżawia
0%
DaniaJettime
0%
RosjaKosmos
0%
RosjaKrasAvia
0%
FrancjaLa Compagnie
0%
HiszpaniaLagunAir
0%
ŁotwaLatCharter
0%
RosjaŁokojł-Awia
0%
NiemcyLubeck Air
0%
SzwecjaMalmo Aviation
0%
NiderlandyMartinair
0%
MołdawiaMoldovian Airlines
0%
Wielka BrytaniaMonarch Airlines
0%
UkrainaMotor-Sicz Airlines
0%
IslandiaMyFlug
0%
EstoniaNordica
0%
RosjaNordStar
0%
IslandiaNorlandair
0%
DaniaNorth Flying
0%
Wielka BrytaniaNorwegian Air Uk
0%
GrecjaOlympic Air
0%
WłochyOn Air
0%
Wielka BrytaniaOpenSkies
0%
HIszpaniaOrbest Orizonia Airlines
0%
RosjaOrenair Arlines
0%
Wielka BrytaniaPalmair
0%
RosjaPetropavlovsk-Katmachantsky Air Enterprise
0%
RosjaPolaryjne awialinii
0%
PortugaliaPortugalia Airlines
0%
WłochyPoste Air Cargo
0%
HiszpaniaPrivilege Style
0%
RosjaRed Wings
0%
FrancjaRegional
0%
RosjaRossija
0%
PortugaliaSATA Air Acores
0%
PortugaliaSATA International
0%
RosjaSiberian Light Aviaton
0%
WłochySkybridge AirOps
0%
SzwecjaSkyways
0%
SłowacjaSlovak Government Flying Service
0%
RosjaSmartavia
0%
ŁotwaSmartLynx
0%
IrlandiaStarair
0%
RumuniaStar East Airline
0%
FrancjaSt Barth Commuter
0%
DaniaSun Air of scandinavia
0%
NiemcySundair
0%
HiszpaniaSwiftair
0%
GrecjaTAE Greek National Airlines
0%
MołdawiaTandem Aero
0%
RumuniaTarom
0%
RumuniaTiriac Air
0%
Wielka BrytaniaTitan Airways
0%
BelgiaTNT Airways
0%
ChorwacjaTrade Air
0%
NiderlandyTransavia.com
0%
BiałoruśTransAVIAexport Airlines
0%
WęgryTravel Service
0%
SłowacjaTravel Service Slovakia
0%
HiszpaniaTravel service Spain
0%
WłochyTrawel Fly
0%
NiderlandyTUI Nederland
0%
FrancjaTwin Jet
0%
UkrainaUkraina
0%
RosjaUral Arlines
0%
RosjaUTair Aviaton
0%
Wielka BrytaniaVirgin Atlantic Airways
0%
RosjaVolga-Dniepr
0%
HiszpaniaVoltea
0%
AustriaWelcome Air
0%
RosjaWIM-Awia
0%
UkrainaWindorse Aviaton
0%
RosjaYakutia Airlines
0%
RosjaYamal Arlines
0%

Rozkład punktacji

Percentyl według liczby udzielonych odpowiedzi

Procent ludzi z każdym wynikiem

Twoja historia wyników

Nie rozwiązałeś tego quizu